The royal house of Majorca / (Record no. 168523)

MARC details
000 -LEADER
campo de control de longitud fija 00530nam a22001695i 4500
001 - NÚMERO DE CONTROL
campo de control 168523
003 - IDENTIFICADOR DE NÚMERO DE CONTROL
campo de control ES-MaACL
005 - FECHA Y HORA DE LA ÚLTIMA TRANSACCIÓN
campo de control 20230906213818.0
008 - DATOS DE LONGITUD FIJA--INFORMACIÓN GENERAL
campo de control de longitud fija 080417s1962 sp |||| | eng d
080 ## - NÚMERO DE LA CLASIFICACIÓN DECIMAL UNIVERSAL
Número de la Clasificación Decimal Universal 946.751
100 1# - ENTRADA PRINCIPAL--NOMBRE DE PERSONA
Nombre de persona MacKenzie, Molly.
9 (RLIN) 137604
245 14 - MENCIÓN DEL TÍTULO
Título The royal house of Majorca /
Mención de responsabilidad, etc. by Molly Mackenzie.
260 ## - PUBLICACIÓN, DISTRIBUCIÓN, ETC.
Lugar de publicación, distribución, etc. Majorca :
Nombre del editor, distribuidor, etc. [s.n.],
Fecha de publicación, distribución, etc. 1962 (
Lugar de fabricación/manufactura Palma de Mallorca :
Fabricante Gráf. Miramar)
300 ## - DESCRIPCIÓN FÍSICA
Extensión 122 p., 1 map. pleg. ;
Dimensiones 17 cm.
651 #4 - PUNTO DE ACCESO ADICIONAL DE MATERIA--NOMBRE GEOGRÁFICO
Nombre geográfico Mallorca-
Subdivisión general Historia.
9 (RLIN) 9016
852 ## - LOCALIZACIÓN
Ubicación ES-MaACL
Número de control de estantería E-2508
itemnumber R.56695
Holdings
Estatus retirado Estado de pérdida Estado de daño No para préstamo Biblioteca de origen Biblioteca actual Ubicación en estantería Fecha de adquisición Fuente de adquisición Total de préstamos Signatura topográfica completa Código de barras Visto por última vez Precio de reemplazo Tipo de ítem Koha
        Biblioteca del Ateneo de Madrid Biblioteca del Ateneo de Madrid Depósito 2 17/04/2008     E-2508 1176848 23/02/2023 23/02/2023 Libro impreso